000 00478nam a2200157Ia 4500
008 210423s2008 xx 000 0 und d
020 _a9788181477873
041 _aeng
082 _a530 LANL
100 _aLANDAU (L D);LIFSHITZ (E M).
245 _aCourse of theoretical physics: V6-fluid mechanics.
260 _aNew Delhi
_bButterworth Heinemann
_c2008
300 _axii,539
_bPB
365 _b1195
_cINR
906 _aCourse ; mechanics. ; physics: ; theoretical ; V6-fluid
999 _c162332
_d162332